000 00379nam a22001337a 4500
020 _qHB.
040 _cFizza Ishaq
082 _a720.96
_bAND
100 _aBeattie, Andrew.
_9134058
245 _aCairo: A Cultural History (Cityscapes) /
_cAndrew Beattie.
260 _aNew York :
_bOxford University Press,
_c2005.
300 _a234 p, ;
_c8.4 x 1 x 5.7 inches
942 _2ddc
_cBK
999 _c616987
_d616987